00647nam a2200193Ia 450000500170000000800410001704000190005804100120007708200180008910000230010724501180013026000360024830000150028450400500029963000270034965000420037665100250041885000100044320240117093613.0131103s9999 xx 000 0 und d aLoreto College aEnglish a327.1(I)bBAN aBandyopadhyaya, J. 4aThe Making of India's foreign policyb determinats, institutions, processes and personalities cJ. Bandyopadhyaya aBombaybAllied Publishersc1970 axi,286 p.  aIncludes bibliographical references and index aIndia - Foreign Policy aPolitics - International Relations -  aPolitical Science -  aLCLIB